Test de vocab français-anglais (6) - Statistiques

Statistiques générales
  • Ce quiz a été pris 37 fois
  • Le résultat moyen est 3 sur 15
Statistiques - réponses
Français Anglais % Correct
le chiot puppy
67%
un indice clue
58%
une hotesse de l'air air hostess
39%
le club de golf (tous les sens) golf club
39%
le personnel de cabine cabin crew
27%
étendre to stretch
27%
emballer to wrap
24%
le brute bully
9%
le chiffon cloth rag
9%
la prise socket
9%
brimer to bully
9%
bidouiller to tinker with
9%
la bruyère heather
6%
mettre à la casse to scrap
3%
la musaraigne shrew
0%
Aucun quiz correspondant
Distribution des résultats
% des personnes avec chaque résultat
Percentile par nombre de réponses
Votre historique - résultats
Vous n’avez pas pris ce quiz